A very simple truth (Record no. 117927)
[ view plain ]
| 000 -LEADER | |
|---|---|
| fixed length control field | 01535cam a2200265 4500 |
| 001 - CONTROL NUMBER | |
| control field | ABS68154 |
| 008 - FIXED-LENGTH DATA ELEMENTS--GENERAL INFORMATION | |
| fixed length control field | 040831n2004 000 0 eng u |
| 035 ## - SYSTEM CONTROL NUMBER | |
| System control number | (Sirsi) u127223 |
| 100 ## - MAIN ENTRY--PERSONAL NAME | |
| Personal name | Murdoch, J. |
| 245 #2 - TITLE STATEMENT | |
| Title | A very simple truth |
| 260 ## - PUBLICATION, DISTRIBUTION, ETC. | |
| Date of publication, distribution, etc. | 2004 |
| 490 ## - SERIES STATEMENT | |
| Series statement | Estates Gazette |
| Volume/sequential designation | (0427) 3 July 2004, 127(1) |
| 520 ## - SUMMARY, ETC. | |
| Summary, etc. | Discusses the concept of negligence in the context of actions brought against professional advisers. Negligence consists of a failure to achieve the right standard of reasonable care and skill in the carrying out of a particular task. Looking at the precise terms of the client's instructions alone is insufficient to identify what a professional adviser is expected to do. Looks at cases where it is claimed that the adviser should have gone beyond the client's explicit instructions including the recent Privy Council decision "Riley v Pickersgill and another" ([2004] UKPC 14, [2004] 14 EG 140 (CS)). Concludes that solicitors' negligence cases could be avoided if clients understood better that solicitors are responsible for legal not commercial advice. View "Riley v Pickersgill and another" at www.bailii.org.uk. |
| 590 ## - LOCAL NOTE (RLIN) | |
| Local note | ABS |
| 590 ## - LOCAL NOTE (RLIN) | |
| Local note | ABS |
| 650 ## - SUBJECT ADDED ENTRY--TOPICAL TERM | |
| Topical term or geographic name entry element | PROFESSIONAL ADVISERS |
| 650 ## - SUBJECT ADDED ENTRY--TOPICAL TERM | |
| Topical term or geographic name entry element | REASONABLE CARE |
| 650 ## - SUBJECT ADDED ENTRY--TOPICAL TERM | |
| Topical term or geographic name entry element | CLIENTS INSTRUCTIONS |
| 650 ## - SUBJECT ADDED ENTRY--TOPICAL TERM | |
| Topical term or geographic name entry element | SOLICITORS |
| 650 ## - SUBJECT ADDED ENTRY--TOPICAL TERM | |
| Topical term or geographic name entry element | CARRADINE PROPERTIES LTD V D J FREEMAN AND CO |
| 650 ## - SUBJECT ADDED ENTRY--TOPICAL TERM | |
| Topical term or geographic name entry element | REEVES V THRINGS & LONG |
| 650 ## - SUBJECT ADDED ENTRY--TOPICAL TERM | |
| Topical term or geographic name entry element | PICKERSGILL AND ANOTHER V RILEY |
| 690 ## - LOCAL SUBJECT ADDED ENTRY--TOPICAL TERM (OCLC, RLIN) | |
| Topical term or geographic name as entry element | PROFESSIONAL PRACTICE-NEGLIGENCE |
| 942 ## - ADDED ENTRY ELEMENTS (KOHA) | |
| Suppress in OPAC | 0 |
| Withdrawn status | Lost status | Source of classification or shelving scheme | Damaged status | Not for loan | Home library | Current library | Shelving location | Date acquired | Total Checkouts | Full call number | Barcode | Date last seen | Copy number | Price effective from | Koha item type |
|---|---|---|---|---|---|---|---|---|---|---|---|---|---|---|---|
| Dewey Decimal Classification | London | London | Journal article | 31/08/2004 | ABS68154 | 127223-1001 | 06/08/2019 | 1 | 06/08/2019 | Journal article |